[Event "TH-S-1261"]
[Site "IECC email"]
[Date "2020.08.30"]
[Round "?"]
[White "Klawitter, Bernd"]
[Black "Baker, Matt"]
[Result "0-1"]
[WhiteElo "1220"]
[BlackElo "1432"]
[PlyCount "36"]
[EventDate "2020.??.??"]
[EventType "tourn (corr)"]
[SourceTitle "Corr 2024"]
[Source "ChessBase"]
[SourceDate "2023.10.19"]
[SourceVersion "1"]
[SourceVersionDate "2023.10.19"]
[SourceQuality "1"]
[WhiteTeam "Deutschland"]
[BlackTeam "Vereinigte Staaten"]
[WhiteTeamCountry "GER"]
[BlackTeamCountry "USA"]

1. e4 e5 2. Nf3 Nc6 3. Bb5 Nd4 4. Nc3 Nf6 5. 0-0 Bc5 6. Nxe5 0-0 7. Bc4 d6 8. Nf3 Bg4 9. Be2 Nxe2+ 10. Qxe2 Bxf3 11. Qxf3 Rc8 12. d3 h6 13. Be3 Bxe3 14. fxe3 Re8 15. Nd5 Re6 16. Nxf6+ Rxf6 17. Qh3 Ra8 18. Rxf6 Qxf6 0-1

[Event "FICGS class D 000263 email"]
[Site "FICGS email"]
[Date "2020.03.24"]
[Round "1"]
[White "Hilton, Stephen"]
[Black "Klawitter, Bernd"]
[Result "1-0"]
[WhiteElo "1733"]
[BlackElo "1508"]
[PlyCount "37"]
[EventDate "2020.??.??"]
[EventType "tourn (corr)"]
[EventRounds "6"]
[SourceTitle "Corr 2022"]
[Source "ChessBase"]
[SourceDate "2021.10.24"]
[SourceVersion "1"]
[SourceVersionDate "2021.10.24"]
[SourceQuality "1"]

1. b4 b6 2. Bb2 Bb7 3. Nf3 e6 4. e3 d5 5. Be2 Nd7 6. 0-0 Ngf6 7. a3 Be7 8. c4 c6 9. Nc3 h6 10. d4 0-0 11. Ne5 Nxe5 12. dxe5 Nd7 13. cxd5 cxd5 14. Rc1 a6 15. Na2 b5 16. Bd4 Rc8 17. Qd2 Nb6 18. Rxc8 Qxc8 19. Bxb6 1-0

[Event "IECC TH-M-3479"]
[Site "IECC email"]
[Date "2020.03.10"]
[Round "?"]
[White "Klawitter, Bernd"]
[Black "Baker, Matt"]
[Result "0-1"]
[WhiteElo "1255"]
[BlackElo "1406"]
[PlyCount "54"]
[EventDate "2020.??.??"]
[EventType "tourn (corr)"]
[SourceTitle "Corr 2024"]
[Source "ChessBase"]
[SourceDate "2023.10.19"]
[SourceVersion "1"]
[SourceVersionDate "2023.10.19"]
[SourceQuality "1"]
[WhiteTeam "Deutschland"]
[BlackTeam "Vereinigte Staaten"]
[WhiteTeamCountry "GER"]
[BlackTeamCountry "USA"]

1. e4 c5 2. Nf3 d6 3. d4 cxd4 4. Nxd4 Nf6 5. Nc3 a6 6. Bg5 e6 7. f4 Qc7 8. Bxf6 gxf6 9. Qd2 Be7 10. 0-0-0 Nc6 11. Be2 Nxd4 12. Qxd4 h5 13. f5 Qc5 14. Qd3 Bd7 15. Kb1 Rc8 16. Qg3 Kf8 17. Qh3 exf5 18. exf5 Bxf5 19. g4 Be6 20. Qg2 hxg4 21. Rdg1 f5 22. h3 Bf6 23. hxg4 Rxh1 24. Qxh1 Qb6 25. gxf5 Bxc3 26. Qh6+ Ke7 27. b3 Qxg1+ 0-1

[Event "IECC TH-M-3476"]
[Site "IECC email"]
[Date "2020.03.07"]
[Round "?"]
[White "Stringer Lester, Della Diane"]
[Black "Klawitter, Bernd"]
[Result "1-0"]
[WhiteElo "1130"]
[BlackElo "1277"]
[PlyCount "63"]
[EventDate "2020.??.??"]
[EventType "tourn (corr)"]
[SourceTitle "Corr 2024"]
[Source "ChessBase"]
[SourceDate "2023.10.19"]
[SourceVersion "1"]
[SourceVersionDate "2023.10.19"]
[SourceQuality "1"]
[WhiteTeam "Vereinigte Staaten"]
[BlackTeam "Deutschland"]
[WhiteTeamCountry "USA"]
[BlackTeamCountry "GER"]

1. e4 c5 2. Nf3 Nc6 3. d4 cxd4 4. Nxd4 Nf6 5. Nc3 e5 6. Ndb5 d6 7. Bg5 a6 8. Na3 b5 9. Nd5 Be7 10. Bxf6 Bxf6 11. c3 Ne7 12. Nxf6+ gxf6 13. Nc2 Bb7 14. Bd3 d5 15. Qe2 dxe4 16. Bxe4 Bxe4 17. Qxe4 Qd5 18. Qxd5 Nxd5 19. g3 0-0-0 20. 0-0 Nb6 21. b3 Rd3 22. Nb4 Rxc3 23. Rac1 Rxc1 24. Rxc1+ Kb7 25. Nd3 Nd5 26. a3 Rc8 27. Nc5+ Ka7 28. b4 Nb6 29. Rc3 f5 30. Rd3 Rc7 31. Rd6 Re7 32. Rh6 1-0

[Event "IECC CL6-2020.01 email"]
[Site "IECC email"]
[Date "2020.02.22"]
[Round "?"]
[White "Klawitter, Bernd"]
[Black "Croteau, John F"]
[Result "1/2-1/2"]
[WhiteElo "1281"]
[BlackElo "1370"]
[PlyCount "43"]
[EventDate "2020.??.??"]
[EventType "tourn (corr)"]
[EventRounds "4"]
[SourceTitle "Corr 2024"]
[Source "ChessBase"]
[SourceDate "2023.10.19"]
[SourceVersion "1"]
[SourceVersionDate "2023.10.19"]
[SourceQuality "1"]
[WhiteTeam "Deutschland"]
[BlackTeam "Vereinigte Staaten"]
[WhiteTeamCountry "GER"]
[BlackTeamCountry "USA"]

1. d4 c6 2. e4 d5 3. Nd2 dxe4 4. Nxe4 Bf5 5. Ng3 Bg6 6. h4 h6 7. h5 Bh7 8. Nf3 Nd7 9. Bd3 Bxd3 10. Qxd3 Ngf6 11. Bf4 Qb6 12. 0-0-0 e6 13. Ne4 Be7 14. Nd6+ Bxd6 15. Bxd6 0-0-0 16. Be7 Rde8 17. Bxf6 Nxf6 18. Ne5 Rhf8 19. Qa3 Rd8 20. Nc4 Qa6 21. Qxa6 bxa6 22. Ne5 1/2-1/2

[Event "FICGS class E 000227 email"]
[Site "FICGS email"]
[Date "2019.10.16"]
[Round "1"]
[White "Gonet, Gerard"]
[Black "Klawitter, Bernd"]
[Result "0-1"]
[WhiteElo "1222"]
[BlackElo "1524"]
[PlyCount "80"]
[EventDate "2019.??.??"]
[EventType "tourn (corr)"]
[EventRounds "5"]
[SourceTitle "Corr 2022"]
[Source "ChessBase"]
[SourceDate "2021.10.24"]
[SourceVersion "1"]
[SourceVersionDate "2021.10.24"]
[SourceQuality "1"]

1. d4 d5 2. e4 c6 3. Nc3 e6 4. e5 Ne7 5. f4 c5 6. Nf3 cxd4 7. Nxd4 Nbc6 8. Bb5 Bd7 9. Be3 a6 10. Bd3 Nxd4 11. Bxd4 Nc6 12. Bf2 Be7 13. Qg4 g6 14. 0-0-0 h5 15. Qh3 Qa5 16. g4 0-0-0 17. Be2 hxg4 18. Qxg4 Kb8 19. Be1 Bb4 20. Qg3 d4 21. Ne4 Qxa2 22. Bxb4 Nxb4 23. Qa3 Qxa3 24. bxa3 Na2+ 25. Kb2 Nc3 26. Bc4 Nxe4 27. Rxd4 Bc6 28. Rhd1 Rxd4 29. Rxd4 Rxh2 30. Rd8+ Kc7 31. Rf8 Rh7 32. Bd3 Nc5 33. Bc4 Na4+ 34. Kb3 Nb6 35. Bd3 Bd5+ 36. c4 Bc6 37. Kb4 Nd7 38. Ka5 b6+ 39. Kb4 a5+ 40. Kc3 Nxf8 0-1

[Event "FICGS class E 000227 email"]
[Site "FICGS email"]
[Date "2019.10.16"]
[Round "1"]
[White "Klawitter, Bernd"]
[Black "Budnar, Milos"]
[Result "0-1"]
[WhiteElo "1524"]
[BlackElo "1281"]
[PlyCount "46"]
[EventDate "2019.??.??"]
[EventType "tourn (corr)"]
[EventRounds "5"]
[SourceTitle "Corr 2022"]
[Source "ChessBase"]
[SourceDate "2021.10.24"]
[SourceVersion "1"]
[SourceVersionDate "2021.10.24"]
[SourceQuality "1"]

1. e4 e5 2. Nf3 Nc6 3. Bb5 a6 4. Ba4 Nf6 5. d3 b5 6. Bb3 Be7 7. c3 h6 8. 0-0 0-0 9. Re1 d5 10. exd5 Nxd5 11. Nxe5 Nxe5 12. Rxe5 c6 13. Qf3 Bf6 14. Re1 Be6 15. d4 Qd7 16. h3 Rfe8 17. Nd2 Bf5 18. Ne4 Bxe4 19. Rxe4 Rxe4 20. Bd2 Rae8 21. Bxd5 Qxd5 22. Be3 Bg5 23. Bxg5 Qxg5 0-1

[Event "FICGS class E 000227 email"]
[Site "FICGS email"]
[Date "2019.10.16"]
[Round "1"]
[White "Zaunercik, Ilmar"]
[Black "Klawitter, Bernd"]
[Result "1-0"]
[WhiteElo "1439"]
[BlackElo "1524"]
[PlyCount "27"]
[EventDate "2019.??.??"]
[EventType "tourn (corr)"]
[EventRounds "5"]
[SourceTitle "Corr 2022"]
[Source "ChessBase"]
[SourceDate "2021.10.24"]
[SourceVersion "1"]
[SourceVersionDate "2021.10.24"]
[SourceQuality "1"]

1. e4 c5 2. Nf3 Nc6 3. c3 d5 4. exd5 Qxd5 5. d4 Nf6 6. c4 Qe4+ 7. Be3 Bg4 8. Nc3 Bxf3 9. gxf3 Qh4 10. Qb3 cxd4 11. Qxb7 dxe3 12. Qxc6+ Kd8 13. Rd1+ Nd7 14. Qxd7# 1-0

[Event "FICGS class D 000257 email"]
[Site "FICGS email"]
[Date "2019.09.18"]
[Round "1"]
[White "Hilton, Stephen"]
[Black "Klawitter, Bernd"]
[Result "1-0"]
[WhiteElo "1705"]
[BlackElo "1524"]
[PlyCount "95"]
[EventDate "2019.??.??"]
[EventType "tourn (corr)"]
[EventRounds "6"]
[SourceTitle "Corr 2022"]
[Source "ChessBase"]
[SourceDate "2021.10.24"]
[SourceVersion "1"]
[SourceVersionDate "2021.10.24"]
[SourceQuality "1"]

1. c4 c5 2. Nf3 Nf6 3. g3 d6 4. Bg2 Nc6 5. 0-0 e5 6. Nc3 Be6 7. b3 h6 8. Bb2 Be7 9. e3 0-0 10. d3 a6 11. Nd2 Qc7 12. a3 Rfe8 13. Nd5 Bxd5 14. cxd5 Na7 15. Nc4 b5 16. Nd2 Nc8 17. Rc1 Qd7 18. d4 cxd4 19. exd4 e4 20. Re1 Bf8 21. Nxe4 Nxe4 22. Bxe4 Kh8 23. Bg2 Ra7 24. Qd2 Rxe1+ 25. Rxe1 Rc7 26. Qa5 Rc2 27. Bc1 Qc7 28. Bd2 Qxa5 29. Bxa5 g6 30. Be4 Ra2 31. Bb4 a5 32. Bxa5 Rxa3 33. b4 Kg7 34. Re3 Rxe3 35. fxe3 Be7 36. Bd3 Kf8 37. Bxb5 f5 38. Bd7 Bg5 39. Bxc8 Bxe3+ 40. Kg2 Bxd4 41. b5 Ke7 42. b6 Bxb6 43. Bxb6 Kf6 44. Be6 Ke5 45. Kf3 g5 46. Ke3 f4+ 47. gxf4+ gxf4+ 48. Kf3 1-0

[Event "FICGS class D 000257 email"]
[Site "FICGS email"]
[Date "2019.09.18"]
[Round "1"]
[White "Klawitter, Bernd"]
[Black "Trigance, Emile"]
[Result "0-1"]
[WhiteElo "1524"]
[BlackElo "1716"]
[PlyCount "96"]
[EventDate "2019.??.??"]
[EventType "tourn (corr)"]
[EventRounds "6"]
[SourceTitle "Corr 2022"]
[Source "ChessBase"]
[SourceDate "2021.10.24"]
[SourceVersion "1"]
[SourceVersionDate "2021.10.24"]
[SourceQuality "1"]

1. e4 c5 2. Nf3 d6 3. d4 cxd4 4. Nxd4 Nf6 5. Nc3 g6 6. Be3 Bg7 7. f3 0-0 8. Qd2 Bd7 9. Bc4 Nc6 10. Bb3 Rc8 11. h4 Ne5 12. 0-0-0 Nc4 13. Bxc4 Rxc4 14. Nde2 a6 15. g4 b5 16. b3 Rxc3 17. Nxc3 b4 18. Nb1 Qa5 19. a3 Rb8 20. a4 Bxa4 21. g5 Nd7 22. h5 Bc6 23. hxg6 Qa1 24. gxf7+ Kxf7 25. Bd4 Bxd4 26. Qxd4 Qxd4 27. Rxd4 Kg7 28. Rd2 Rb5 29. Rg2 Nf8 30. Nd2 Ne6 31. Rhg1 Nf4 32. Nc4 Nxg2 33. Rxg2 Kg6 34. Kd2 Rxg5 35. Rxg5+ Kxg5 36. Ke3 Bb5 37. Nd2 h5 38. f4+ Kg4 39. Nf3 h4 40. Nd4 Bd7 41. f5 a5 42. Ne2 a4 43. bxa4 Bxa4 44. Nd4 h3 45. Kf2 Kf4 46. Ne2+ Kxe4 47. Kg3 Bxc2 48. Kxh3 b3 0-1

[Event "FICGS class D 000257 email"]
[Site "FICGS email"]
[Date "2019.09.18"]
[Round "1"]
[White "Mollenhauer, Michael"]
[Black "Klawitter, Bernd"]
[Result "0-1"]
[WhiteElo "1700"]
[BlackElo "1524"]
[PlyCount "24"]
[EventDate "2019.??.??"]
[EventType "tourn (corr)"]
[EventRounds "6"]
[SourceTitle "Corr 2022"]
[Source "ChessBase"]
[SourceDate "2021.10.24"]
[SourceVersion "1"]
[SourceVersionDate "2021.10.24"]
[SourceQuality "1"]

1. e4 e5 2. Nf3 Nc6 3. Bb5 Nf6 4. Nc3 Bc5 5. Bxc6 dxc6 6. d3 0-0 7. 0-0 Bg4 8. h3 Bh5 9. Re1 h6 10. Be3 Bxe3 11. Rxe3 a6 12. Qd2 Bxf3 0-1

[Event "FICGS class D 000257 email"]
[Site "FICGS email"]
[Date "2019.09.18"]
[Round "1"]
[White "Zaunercik, Ilmar"]
[Black "Klawitter, Bernd"]
[Result "1-0"]
[WhiteElo "1439"]
[BlackElo "1524"]
[PlyCount "105"]
[EventDate "2019.??.??"]
[EventType "tourn (corr)"]
[EventRounds "6"]
[SourceTitle "Corr 2022"]
[Source "ChessBase"]
[SourceDate "2021.10.24"]
[SourceVersion "1"]
[SourceVersionDate "2021.10.24"]
[SourceQuality "1"]

1. e4 e5 2. Nf3 Nc6 3. Bb5 Nf6 4. d3 Bc5 5. 0-0 Nd4 6. Nxd4 Bxd4 7. c3 Bb6 8. Bg5 h6 9. Bh4 c6 10. Ba4 0-0 11. Nd2 d6 12. Re1 Qc7 13. Nc4 Be6 14. Bxf6 gxf6 15. Qh5 Kh7 16. Ne3 Rg8 17. Nf5 Bxf5 18. Qxf5+ Kg7 19. Bb3 Qc8 20. Qh5 Kh7 21. Qxf7+ Rg7 22. Qxf6 Qg4 23. Qf5+ Qxf5 24. exf5 Rf8 25. Bc2 Rf6 26. h3 Bc7 27. Re3 d5 28. g4 Bb6 29. Rxe5 Bc7 30. Re6 Rxe6 31. fxe6 Kg8 32. Re1 Bd6 33. f4 Be7 34. f5 h5 35. Bd1 hxg4 36. hxg4 b6 37. Rf1 Bf6 38. Rf2 Kf8 39. Rh2 Ke7 40. Kg2 a5 41. Kg3 Be5+ 42. Kg2 Bxh2 43. Kxh2 Rh7+ 44. Kg2 Rg7 45. Kg3 Kf6 46. Kf4 Rg8 47. Bf3 Rg7 48. c4 dxc4 49. dxc4 c5 50. a3 Rg8 51. Bd5 Rg7 52. e7 Rxe7 53. g5+ 1-0

[Event "FICGS no engines 00 email"]
[Site "FICGS email"]
[Date "2019.09.13"]
[Round "1"]
[White "Klawitter, Bernd"]
[Black "Senis, Enrico"]
[Result "1/2-1/2"]
[WhiteElo "1524"]
[BlackElo "1705"]
[PlyCount "98"]
[EventDate "2019.??.??"]
[EventType "swiss (corr)"]
[EventRounds "1"]
[SourceTitle "Corr 2022"]
[Source "ChessBase"]
[SourceDate "2021.10.24"]
[SourceVersion "1"]
[SourceVersionDate "2021.10.24"]
[SourceQuality "1"]

1. b3 d5 2. Bb2 Nf6 3. e3 Nc6 4. Bxf6 exf6 5. c3 Bf5 6. d4 Qd7 7. Bd3 Bxd3 8. Qxd3 0-0-0 9. Nd2 Bd6 10. Ngf3 Rhe8 11. 0-0 g6 12. a4 Kb8 13. b4 a6 14. b5 axb5 15. axb5 Na7 16. Rxa7 Kxa7 17. b6+ Kb8 18. Ra1 cxb6 19. Qc2 Kc7 20. Qb3 Ra8 21. Rb1 Qc6 22. c4 Ra3 23. Qb2 Rea8 24. cxd5 Ra2 25. dxc6 Rxb2 26. Rxb2 Kxc6 27. Rc2+ Kd7 28. g3 g5 29. h4 g4 30. Nh2 h5 31. Kg2 b5 32. Nhf1 f5 33. Nb3 Ke7 34. Nfd2 f6 35. Nc5 b6 36. Nd3 Kd7 37. Kf1 Ra1+ 38. Ke2 b4 39. Rb2 Ra4 40. Nc4 b5 41. Nxd6 Kxd6 42. Nxb4 Ra3 43. Nd3 Kc6 44. Kd2 Kd5 45. Rxb5+ Ke4 46. Nc5+ Kf3 47. Nd3 Ke4 48. Nc5+ Kf3 49. Nd3 Ke4 1/2-1/2

[Event "FICGS class E 000226 email"]
[Site "FICGS email"]
[Date "2019.09.12"]
[Round "1"]
[White "Klawitter, Bernd"]
[Black "Rezack, Thomas"]
[Result "0-1"]
[WhiteElo "1524"]
[BlackElo "1518"]
[PlyCount "56"]
[EventDate "2019.??.??"]
[EventType "tourn (corr)"]
[EventRounds "5"]
[SourceTitle "Corr 2022"]
[Source "ChessBase"]
[SourceDate "2021.10.24"]
[SourceVersion "1"]
[SourceVersionDate "2021.10.24"]
[SourceQuality "1"]

1. d4 Nf6 2. Bg5 e6 3. Nf3 c5 4. e3 cxd4 5. exd4 Nc6 6. c3 d5 7. Bd3 h6 8. Bh4 Be7 9. Bxf6 Bxf6 10. 0-0 0-0 11. Re1 Bd7 12. Nbd2 Qc7 13. Rc1 Rae8 14. Bb1 Qd6 15. Qc2 g6 16. Nf1 e5 17. dxe5 Nxe5 18. Nxe5 Bxe5 19. h3 Re7 20. Rcd1 Rfe8 21. Qd2 Ba4 22. b3 Bc6 23. c4 d4 24. f3 Bf4 25. Ne3 Rxe3 26. Kf1 Rxe1+ 27. Qxe1 Rxe1+ 28. Rxe1 d3 0-1

[Event "FICGS class D 000256 email"]
[Site "FICGS email"]
[Date "2019.08.11"]
[Round "1"]
[White "Klawitter, Bernd"]
[Black "Frasson, Gerardo"]
[Result "0-1"]
[WhiteElo "1507"]
[BlackElo "1430"]
[PlyCount "92"]
[EventDate "2019.??.??"]
[EventType "tourn (corr)"]
[EventRounds "6"]
[SourceTitle "Corr 2022"]
[Source "ChessBase"]
[SourceDate "2021.10.24"]
[SourceVersion "1"]
[SourceVersionDate "2021.10.24"]
[SourceQuality "1"]

1. e3 d5 2. f4 g6 3. Nf3 c5 4. Bb5+ Bd7 5. Bxd7+ Qxd7 6. 0-0 Bg7 7. c3 Nf6 8. d4 c4 9. b4 cxb3 10. axb3 0-0 11. Ba3 Re8 12. Qd3 e6 13. Nbd2 Nc6 14. h3 a6 15. Ne5 Qc7 16. Nxc6 Qxc6 17. Rac1 Rac8 18. Bb2 h5 19. Nf3 Ne4 20. Kh2 f5 21. g3 b5 22. h4 a5 23. Ne5 Bxe5 24. fxe5 a4 25. b4 Qc4 26. Qxc4 Rxc4 27. Rf4 Rec8 28. Rxe4 fxe4 29. Rf1 Ra8 30. Rf6 Rf8 31. Rxg6+ Kh7 32. Rf6 Rxf6 33. exf6 Kg6 34. f7 Kxf7 35. g4 hxg4 36. Kg3 Kg6 37. Kxg4 a3 38. Ba1 Rc8 39. h5+ Kh6 40. Kf4 Kxh5 41. Ke5 Rg8 42. Kxe6 Rg1 43. Kxd5 Rxa1 44. Kxe4 a2 45. d5 Rg1 46. Ke5 a1Q 0-1

[Event "FICGS class D 000256 email"]
[Site "FICGS email"]
[Date "2019.08.11"]
[Round "1"]
[White "Niglio, Biagio"]
[Black "Klawitter, Bernd"]
[Result "0-1"]
[WhiteElo "1458"]
[BlackElo "1507"]
[PlyCount "72"]
[EventDate "2019.??.??"]
[EventType "tourn (corr)"]
[EventRounds "6"]
[SourceTitle "Corr 2022"]
[Source "ChessBase"]
[SourceDate "2021.10.24"]
[SourceVersion "1"]
[SourceVersionDate "2021.10.24"]
[SourceQuality "1"]

1. Nf3 d5 2. d4 Nf6 3. Bf4 Bf5 4. e3 e6 5. Bd3 Bxd3 6. Qxd3 h6 7. Nbd2 Be7 8. h3 Nbd7 9. Ne5 0-0 10. 0-0 Nxe5 11. dxe5 Nh7 12. Bh2 c6 13. f4 c5 14. b3 Rc8 15. Bg3 c4 16. bxc4 dxc4 17. Qxd8 Rfxd8 18. Ne4 b5 19. Rad1 Rxd1 20. Rxd1 Bf8 21. Bf2 a6 22. Nd6 Rd8 23. e4 Be7 24. Bb6 Ra8 25. Nb7 Nf8 26. Bc5 Bxc5+ 27. Nxc5 Rc8 28. Nxa6 Ra8 29. Nb4 Kh7 30. Kf2 g6 31. Ke3 Kg7 32. Rd6 Ra3+ 33. Kf2 Ra4 34. c3 Ra3 35. Rb6 Rxc3 36. Rxb5 Nd7 0-1

[Event "TH-S-1161"]
[Site "IECC email"]
[Date "2019.06.26"]
[Round "?"]
[White "Klawitter, Bernd"]
[Black "Downs, Nathan"]
[Result "1-0"]
[WhiteElo "1294"]
[BlackElo "1108"]
[PlyCount "81"]
[EventDate "2019.??.??"]
[EventType "tourn (corr)"]
[SourceTitle "Corr 2024"]
[Source "ChessBase"]
[SourceDate "2023.10.19"]
[SourceVersion "1"]
[SourceVersionDate "2023.10.19"]
[SourceQuality "1"]
[WhiteTeam "Deutschland"]
[BlackTeam "Australien"]
[WhiteTeamCountry "GER"]
[BlackTeamCountry "AUS"]

1. e4 Nf6 2. e5 Ng8 3. d4 d5 4. exd6 Qxd6 5. Nc3 a6 6. Nf3 Bg4 7. Be2 c5 8. Be3 c4 9. 0-0 b5 10. h3 h5 11. Ne5 Bxe2 12. Qxe2 f5 13. Qf3 e6 14. Qxa8 Ne7 15. Qf3 g5 16. Bxg5 Qxd4 17. Bxe7 Qxe5 18. Bxf8 Kxf8 19. Rfe1 Qf6 20. Qb7 Rg8 21. Qxb8+ Kg7 22. Qb7+ Kh8 23. Rad1 Rg7 24. Qxa6 Qg5 25. Qa8+ Rg8 26. Qf3 Qg6 27. Ne2 Qe8 28. Nf4 Rg5 29. Rxe6 Qd7 30. Rh6+ Kg7 31. Rxh5 Rg6 32. Nxg6 Kxg6 33. Rh8 Qd2 34. Qc6+ Kg7 35. Rh4 Qe1+ 36. Kh2 Qxf2 37. Qh6+ Kf7 38. Qh7+ Kf6 39. Rh6+ Ke5 40. Qc7+ Ke4 41. Re6# 1-0

[Event "FICGS class D 000255 email"]
[Site "FICGS email"]
[Date "2019.06.09"]
[Round "1"]
[White "Klawitter, Bernd"]
[Black "Peedikakkandy, Sameer"]
[Result "1-0"]
[WhiteElo "1514"]
[BlackElo "1700"]
[PlyCount "89"]
[EventDate "2019.??.??"]
[EventType "tourn (corr)"]
[EventRounds "6"]
[SourceTitle "Corr 2022"]
[Source "ChessBase"]
[SourceDate "2021.10.24"]
[SourceVersion "1"]
[SourceVersionDate "2021.10.24"]
[SourceQuality "1"]

1. e4 c5 2. Nf3 d6 3. Bb5+ Bd7 4. Bxd7+ Qxd7 5. 0-0 e5 6. d3 Nf6 7. h3 Be7 8. Bd2 0-0 9. Nc3 Nc6 10. a3 Rfe8 11. Ne1 a6 12. f4 exf4 13. Bxf4 b5 14. Bh2 h6 15. Rb1 Bf8 16. Kh1 d5 17. exd5 Nxd5 18. Nxd5 Qxd5 19. Qf3 Qxf3 20. Nxf3 Re6 21. Rbe1 Rae8 22. Bg3 Rxe1 23. Rxe1 Rxe1+ 24. Nxe1 g5 25. Nf3 a5 26. b3 a4 27. bxa4 bxa4 28. c4 Bg7 29. Bd6 Bf8 30. Bxf8 Kxf8 31. Kg1 f6 32. Kf2 Ne5 33. Ne1 f5 34. Ke2 f4 35. Nf3 Nxf3 36. Kxf3 Ke7 37. Ke4 Ke6 38. d4 cxd4 39. Kxd4 Kd6 40. c5+ Kc6 41. Kc4 h5 42. Kb4 g4 43. hxg4 hxg4 44. Kxa4 f3 45. gxf3 1-0

[Event "FICGS rapid D 000124 email"]
[Site "FICGS email"]
[Date "2019.06.08"]
[Round "1"]
[White "Ethier, Marc"]
[Black "Klawitter, Bernd"]
[Result "1-0"]
[WhiteElo "1364"]
[BlackElo "1514"]
[PlyCount "45"]
[EventDate "2019.??.??"]
[EventType "tourn (rapid)"]
[EventRounds "5"]
[SourceTitle "Corr 2022"]
[Source "ChessBase"]
[SourceDate "2021.10.24"]
[SourceVersion "1"]
[SourceVersionDate "2021.10.24"]
[SourceQuality "1"]

1. f4 d5 2. b3 e6 3. Bb2 Nf6 4. Nf3 Be7 5. e3 0-0 6. g3 c6 7. c4 h6 8. Nc3 a6 9. Bg2 Re8 10. Ne5 Nbd7 11. d4 Nxe5 12. fxe5 Ne4 13. Nxe4 dxe4 14. 0-0 f5 15. exf6 Bxf6 16. Qh5 Qe7 17. Bxe4 Kf8 18. Qg6 Qf7 19. Ba3+ Re7 20. Qh7 c5 21. Bxc5 b6 22. Qh8+ Qg8 23. Rxf6+ 1-0

[Event "FICGS class E 000223 email"]
[Site "FICGS email"]
[Date "2019.06.08"]
[Round "1"]
[White "Klawitter, Bernd"]
[Black "Budnar, Milos"]
[Result "1-0"]
[WhiteElo "1514"]
[BlackElo "1249"]
[PlyCount "47"]
[EventDate "2019.??.??"]
[EventType "tourn (corr)"]
[EventRounds "5"]
[SourceTitle "Corr 2022"]
[Source "ChessBase"]
[SourceDate "2021.10.24"]
[SourceVersion "1"]
[SourceVersionDate "2021.10.24"]
[SourceQuality "1"]

1. e4 e5 2. Nf3 Nc6 3. Bb5 a6 4. Ba4 Nf6 5. d3 d6 6. 0-0 Be7 7. h3 0-0 8. c3 b5 9. Bc2 h6 10. Re1 Be6 11. Nbd2 b4 12. Nf1 Rb8 13. Bd2 a5 14. c4 Nd4 15. Nxd4 exd4 16. b3 c5 17. f4 g6 18. f5 gxf5 19. exf5 Bxf5 20. Ng3 Bg6 21. Qf3 h5 22. Rxe7 Qxe7 23. Bg5 Kg7 24. Rf1 1-0

[Event "FICGS class E 000223 email"]
[Site "FICGS email"]
[Date "2019.06.08"]
[Round "1"]
[White "Klawitter, Bernd"]
[Black "Myers, Joe"]
[Result "1-0"]
[WhiteElo "1514"]
[BlackElo "1500"]
[PlyCount "25"]
[EventDate "2019.??.??"]
[EventType "tourn (corr)"]
[EventRounds "5"]
[SourceTitle "Corr 2022"]
[Source "ChessBase"]
[SourceDate "2021.10.24"]
[SourceVersion "1"]
[SourceVersionDate "2021.10.24"]
[SourceQuality "1"]

1. d4 d5 2. Nf3 g6 3. e3 Bg7 4. b3 Nf6 5. Bb2 Bf5 6. Nbd2 0-0 7. Be2 Nc6 8. 0-0 Nb4 9. Ne1 Qd7 10. c3 Ng4 11. cxb4 Qd6 12. Bxg4 Be6 13. Bxe6 1-0

[Event "FICGS class E 000223 email"]
[Site "FICGS email"]
[Date "2019.06.08"]
[Round "1"]
[White "Klawitter, Bernd"]
[Black "Wood, Brian"]
[Result "1-0"]
[WhiteElo "1514"]
[BlackElo "1258"]
[PlyCount "37"]
[EventDate "2019.??.??"]
[EventType "tourn (corr)"]
[EventRounds "5"]
[SourceTitle "Corr 2022"]
[Source "ChessBase"]
[SourceDate "2021.10.24"]
[SourceVersion "1"]
[SourceVersionDate "2021.10.24"]
[SourceQuality "1"]

1. e4 c5 2. Nf3 e6 3. d4 cxd4 4. Nxd4 a6 5. Nc3 Qc7 6. Bd3 Nf6 7. 0-0 d5 8. Qf3 dxe4 9. Nxe4 Nxe4 10. Bxe4 Be7 11. c3 e5 12. Nf5 Nc6 13. Nxe7 Nxe7 14. Be3 Ng6 15. Rfd1 0-0 16. Qe2 Be6 17. f3 Rfd8 18. Qf2 f5 19. Bb6 1-0